| 000 | 02088nam a22005177a 4500 | ||
|---|---|---|---|
| 001 | 69 | ||
| 003 | FISKH | ||
| 005 | 20230222103034.0 | ||
| 008 | 230221b cb ||||| |||| 00| 0 eng d | ||
| 010 | _a 2012027557 | ||
| 020 | _a9780448462868 (pbk.) | ||
| 020 | _a9780448465753 (trade : hc) | ||
| 020 | _a9780329971632 (Follett bdg.) | ||
| 020 | _a0448462869 | ||
| 020 | _a0448465752 | ||
| 020 | _a0329971638 | ||
| 035 | _a(IMchF)fol14391285 | ||
| 040 |
_aDLC _cDLC _dICrlF _dMePoLT _erda |
||
| 042 | _apcc | ||
| 043 |
_an-us-pa _an-us--- |
||
| 050 | 0 | 0 |
_aE475.53 _b.O25 2013 |
| 082 | 0 | 0 |
_a973.7/349 _223 |
| 100 | 1 | _aO'Connor, Jim. | |
| 245 | 1 | 0 |
_aWhat was the Battle of Gettysburg? / _cby Jim O'Connor ; illustrated by John Mantha. |
| 246 | 3 | 0 | _aBattle of Gettysburg? |
| 260 |
_aNew York : _bGrosset & Dunlap, _cc2013. |
||
| 300 |
_a106 p. : _bill., maps ; _c20 cm. |
||
| 490 | 1 | _aWhat was-- ? | |
| 504 | _aIncludes bibliographical references (p. 106). | ||
| 505 | 0 | _aWhat was the Battle of Gettysburg? -- A small town in Pennsylvania -- On the lookout -- Day one: July 1, 1863 -- Day two: July 2, 1863 -- Day three: July 3, 1863 -- Day three: Pickett's charge -- The day after: July 4, 1863 -- The Gettysburg Address -- A soldier's letter home. | |
| 510 | 3 | _aLibrary Media Connection starred, October 2013 | |
| 510 | 0 | _aLibrary Media Connection starred | |
| 520 | _aText and illustrations look at the Civil War battle at Gettysburg, Pennsylvania, in July, 1863. | ||
| 521 | 8 |
_a810 _bLexile. |
|
| 521 | 8 |
_aT
_bRaz-Plus |
|
| 526 | 0 |
_aReading Counts RC _c5.3 _d4.0. |
|
| 650 | 1 | _aGettysburg, Battle of, Gettysburg, Pa., 1863. | |
| 650 | 7 |
_aGettysburg (Pa.), Battle of, 1863. _2sears |
|
| 651 | 1 |
_aUnited States _xHistory _yCivil War, 1861-1865 _xCampaigns. _2sears |
|
| 651 | 7 |
_aUnited States _xHistory _y1861-1865, Civil War _xCampaigns. _2sears |
|
| 700 | 1 |
_aMantha, John, _eill. |
|
| 830 | 0 | _aWhat was--? | |
| 856 | 4 | 2 |
_3View cover image provided by Mackin _uhttp://www.mackin.com/BookPics/Book.aspx?isbn=9780448462868 |
| 942 |
_2ddc _cBK |
||
| 999 |
_c69 _d69 |
||